01043nam a22002057a 45000010006000000050017000060080041000230170016000640400024000801000053001042450091001572600036002483000034002845000311003186500035006298520012006649420018006769520126006949990017008208586920260430150952.0260430s2025 sp ||||| |||| 00| 0 spa d aV 4272-2025 aM-RABAbspacM-RABA1 aFerri Chulio, Andrés de Sales (d1947-)92620110aImaginería de la Iglesia Parroquial de Santa María Magdalena de Sollana. 1940-1947 aValenciab: La Imprentac, 2025 a53 p.b: il. b. y n.c; 32 cm00aAntecede al tít.: RVDO. ANDRÉS DE SALES FERRI CHULIO. Director del Archivo de Religiosidad Popular del Arzobispado de Valencia. Académico Correspondiente de la Real Academia de Bellas de San Carlos de Valencia, de la Real Academia de la Historia y de la Real Academia de Bellas Artes de San Fernando. 7aImaginería religiosa.953830 jF-16129 cFONDOMODERn0 00102ddc4070aRABASFbRABASFcDP2d2026-04-30i47950l0oF-16129p1097186r2026-04-30 15:10:21w2026-04-30yFONDOMODER c85869d85869